Distribučné systémy

Guardado en:
Detalles Bibliográficos
Autor principal: Viestová, Kristína
Autor Corporativo: Ekonomická univerzita v Bratislave. Obchodná fakulta
Otros Autores: Štofilová, Jana, Dzurová, Mária
Formato: Libro
Lenguaje:eslovaco
Publicado: Bratislava Vydavateľstvo EKONÓM 2000
Materias:
Etiquetas: Agregar Etiqueta
Sin Etiquetas, Sea el primero en etiquetar este registro!

MARC

LEADER 00000nam a2200000 4500
001 c117605
005 20221123132640.2
020 |a 80-225-1169-2 
041 0 |a slo 
044 |a SK 
245 1 0 |a Distribučné systémy  |c Kristína Viestová a kolektív 
264 1 |a Bratislava  |b Vydavateľstvo EKONÓM  |c 2000 
300 |a 246 s. 
610 2 0 |a distribúcia 
610 2 0 |a kanály distribučné 
610 2 0 |a nákup 
610 2 0 |a doprava 
610 2 0 |a skladovanie 
610 2 0 |a sklady 
610 2 0 |a evidencia skladová 
610 2 0 |a riadenie zásob 
610 2 0 |a štúdie prípadové 
610 2 0 |a odbyt 
610 2 0 |a trh 
610 2 0 |a obstarávanie 
610 2 0 |a manažment krízový 
100 1 |a Viestová, Kristína 
700 1 |a Štofilová, Jana 
700 1 |a Dzurová, Mária 
710 2 |a Ekonomická univerzita v Bratislave. Obchodná fakulta